| 000 | 02066nam a2200337 i 4500 | ||
|---|---|---|---|
| 001 | 000008536 | ||
| 003 | DO-SdBNP | ||
| 005 | 20250219102648.0 | ||
| 007 | ta | ||
| 008 | 090917s1963 dr 000 0 spa d | ||
| 040 |
_aDO-SdBNP _bspa _cBNPHU _erda |
||
| 041 | _hspa | ||
| 082 |
_aRD863.4409 _bD325t _222 |
||
| 100 | 1 |
_aDeive, Carlos Esteban, _d1935-2019 _eautor _91916 |
|
| 245 | 1 | 0 |
_aTendencias de la novela contemporánea / _cCarlos Esteban Deive. |
| 264 | 1 |
_aSanto Domingo, República Dominicana : _bEditora del Caribe, _c1963. |
|
| 300 |
_a150 páginas ; _c22 cm. |
||
| 336 |
_ardacontent _btexto _2txt |
||
| 337 |
_ardamedia _bsin mediación _2n |
||
| 338 |
_ardacarrier _bvolumen _2nc |
||
| 490 | 0 |
_aArquero _v10 |
|
| 500 | _aIncluye datos biográficos del autor en la solapa de la cubierta. | ||
| 500 | _aIncluye referencias bibliograficas y notas al pie de páginas. | ||
| 505 | 0 |
_gIntroducción -- _tUnamuno y la novela existencial -- _gEntre el bien y el mal : _tSartre, el destructor -- _tEl absurdismo de Camus -- _tSimone de Beauvoir, la "gran sartrisa" -- _tEl Fausto de Thomas Mann -- _tLas Landas de Mauriac -- _tBernarnos y el demonio -- _tJulien Green, el nocturno -- _tEl mundo de Graham Greene -- _tEl júbilo de Gertrude von le Fort -- _tEl sacerdote en la novela actual -- _tLa novela y la biblia -- _gEn los dominios de la juventud : _tEl "producto" Francoise Sagan -- _tLos "jóvenes coléricos" -- _tHipsters y beatniks -- _gEl problema social en la novela : _tPlateamiento y características -- _tLa novela social en Norteamérica -- _tEn Fracia -- _tEn Italia -- _tEn España -- _tEn la Unión Soviética -- _t"La nueva novela" -- _tLos antecesores -- _tUn precursor contemporáneo: Beckett -- _tAlain Robbe- Grillet -- _tMichel Butor -- _tNathalie Sarraute -- _tBalance Final -- _tÍndice de autores. |
|
| 590 | _aInventariado, 2024/DG | ||
| 650 | 4 |
_aNovela _xHistoria y crítica _99004 |
|
| 650 | 4 |
_aMovimientos literarios _98573 |
|
| 650 | 4 |
_aLiteratura dominicana _xHistoria y crítica _9159 |
|
| 910 | _aValidado. Control de calidad EMS. | ||
| 942 |
_2ddc _cLBS1 |
||
| 999 |
_c8306 _d8306 |
||